Strategic pokes : (Record no. 1276216)

MARC details
000 -LEADER
fixed length control field 01113nam a2200349 a 4500
001 - CONTROL NUMBER
control field vtls001844753
003 - CONTROL NUMBER IDENTIFIER
control field NLI
005 - DATE AND TIME OF LATEST TRANSACTION
control field 20210629061041.0
008 - FIXED-LENGTH DATA ELEMENTS--GENERAL INFORMATION
fixed length control field 140226s2014 ii 00 eng
020 ## - INTERNATIONAL STANDARD BOOK NUMBER
International Standard Book Number 9788132111634(pbk)
Terms of availability Rs.425.00
039 #9 - LEVEL OF BIBLIOGRAPHIC CONTROL AND CODING DETAIL [OBSOLETE]
Level of rules in bibliographic description 201608041046
Level of effort used to assign nonsubject heading access points santanuc
Level of effort used to assign subject headings 201605181258
Level of effort used to assign classification sukantap
Level of effort used to assign subject headings 201407241237
Level of effort used to assign classification ezajulh
-- 201402261714
-- umakar
040 ## - CATALOGING SOURCE
Original cataloging agency NLI
Language of cataloging eng
041 0# - LANGUAGE CODE
Language code of text/sound track or separate title eng
044 ## - COUNTRY OF PUBLISHING/PRODUCING ENTITY CODE
MARC country code ii
082 04 - DEWEY DECIMAL CLASSIFICATION NUMBER
Classification number 658.4012
Edition number 22
100 1# - MAIN ENTRY--PERSONAL NAME
Personal name Sengupta, Shombit
9 (RLIN) 1203110
245 10 - TITLE STATEMENT
Title Strategic pokes :
Remainder of title the business jalebi /
Statement of responsibility, etc. Shombit Sengupta
260 ## - PUBLICATION, DISTRIBUTION, ETC.
Place of publication, distribution, etc. New Delhi :
Name of publisher, distributor, etc. SAGE,
Date of publication, distribution, etc. 2014
300 ## - PHYSICAL DESCRIPTION
Extent xviii, 305 p. ;
Dimensions 21 cm.
650 #0 - SUBJECT ADDED ENTRY--TOPICAL TERM
Topical term or geographic name entry element Management
9 (RLIN) 699479
650 #0 - SUBJECT ADDED ENTRY--TOPICAL TERM
Topical term or geographic name entry element Strategic planning
9 (RLIN) 682475
887 ## - NON-MARC INFORMATION FIELD
Content of non-MARC field SP Santanu Chanda
901 ## - LOCAL DATA ELEMENT A, LDA (RLIN)
a DB147964 :
b 05.05.2014
902 ## - LOCAL DATA ELEMENT B, LDB (RLIN)
a E 658.4012 Se 56
903 ## - LOCAL DATA ELEMENT C, LDC (RLIN)
a Uma
904 ## - LOCAL DATA ELEMENT D, LDD (RLIN)
a SP
905 ## - LOCAL DATA ELEMENT E, LDE (RLIN)
a Santanu Chanda
949 ## - LOCAL PROCESSING INFORMATION (OCLC)
-- VIRTUAITEM
-- 10000
-- 100
6 DBA000147964ENG
942 ## - ADDED ENTRY ELEMENTS (KOHA)
Source of classification or shelving scheme Dewey Decimal Classification
Koha item type Books
Holdings
Withdrawn status Lost status Damaged status Not for loan Collection code Home library Current library Shelving location Date acquired Total Checkouts Full call number Barcode Date last seen Price effective from Koha item type
        New English National Library of India National Library of India New English - Main Stack Division     E 658.4012 Se 56 DBA000147964ENG 29/06/2021 29/06/2021 Books
                                                                           
web counter

Copyright ©2020 The National Library of India, Govt. of India ↔ Hosted by NVLI, MOC ↔ Technology and Design by National Library of India, Ministry of Culture, Govt. of India